99 điều nên biết về thai nghén và sinh đẻ
Sách cung cấp những hiểu biết về thai nghén và sinh đẻ cũng như những hiểu biết trong giai đoạn sau khi sinh của các bà mẹ cùng việc chăm sóc trẻ sơ sinh
Gespeichert in:
| 1. Verfasser: | |
|---|---|
| Format: | Buch |
| Sprache: | Undetermined |
| Veröffentlicht: |
Hà Nội
Phụ nữ
1997
|
| Schlagworte: | |
| Tags: |
Tag hinzufügen
Keine Tags, Fügen Sie den ersten Tag hinzu!
|
| Thư viện lưu trữ: | Trung tâm Học liệu Trường Đại học Cần Thơ |
|---|
| LEADER | 00746nam a2200181Ia 4500 | ||
|---|---|---|---|
| 001 | CTU_18995 | ||
| 008 | 210402s9999 xx 000 0 und d | ||
| 082 | |a 618.2 | ||
| 082 | |b Nh502 | ||
| 100 | |a Phó Đức Nhuận | ||
| 245 | 0 | |a 99 điều nên biết về thai nghén và sinh đẻ | |
| 245 | 0 | |c Phó Đức Nhuận | |
| 260 | |a Hà Nội | ||
| 260 | |b Phụ nữ | ||
| 260 | |c 1997 | ||
| 520 | |a Sách cung cấp những hiểu biết về thai nghén và sinh đẻ cũng như những hiểu biết trong giai đoạn sau khi sinh của các bà mẹ cùng việc chăm sóc trẻ sơ sinh | ||
| 650 | |a obstetrics,pregnancy | ||
| 980 | |a Trung tâm Học liệu Trường Đại học Cần Thơ | ||